=LDR 00000nam 2200000 4500 =001 NUTBA000000000004733 =005 20140925100853.0 =006 =007 =008 =020 ##$$a 979-781-778-4 =035 ##$$a 0010-091400000000766 =040 ##$$a NBPDMAT =090 ##$$a 540.76 $b Ung k =100 ##$$a Unggul Sudarmo =245 ##$$a Kimia untuk SMA/ $c Unggul Sudarmo; editor, Supriyana =260 ##$$a Jakarta : $b Phi Beta, $c 2000 =300 ##$$a ... Jil. ; 24 cm. =500 ##$$a Yang diterima : Jil. 1,2 dan 3 =650 ##$$a Kimia SMA - Ujian, Soal dsb. =700 ##$$a Supriyana =850 ##$$a NBPDMAT =990 ##$$a 21410612